000 00668nam a2200289Ia 4500
005 20260324150257.0
008 008 260324s9999 xx 000 0 eng d
020 _a9781315671680
037 _aEBOOK
040 _aCRL
040 _beng
040 _cCRL
041 _2eng
041 _aeng
084 _qCRL
100 _aGordon C. Cameron
_91225877
245 0 _aRegional Economic Development
245 4 _bThe Federal Role
260 _bTaylor and Francis
260 _c1970
365 _a
365 _b180
856 _uhttp://www.taylorfrancis.com/books/9781315671680
942 _cEBOOK
999 _c1835037
_d1835037